<?xml version="1.0" encoding="UTF-8"?>
<record
    xmlns:xsi="http://www.w3.org/2001/XMLSchema-instance"
    xsi:schemaLocation="http://www.loc.gov/MARC21/slim http://www.loc.gov/standards/marcxml/schema/MARC21slim.xsd"
    xmlns="http://www.loc.gov/MARC21/slim">

  <leader>02715ngm a2200457   4500</leader>
  <controlfield tag="003">dpl</controlfield>
  <controlfield tag="005">20100304131427.0</controlfield>
  <controlfield tag="007">DVD</controlfield>
  <controlfield tag="008">||||||sp199   xxu|||||c |||  00| 0 ng d </controlfield>
  <datafield tag="010" ind1=" " ind2=" ">
    <subfield code="a">DVD-005890-5897</subfield>
  </datafield>
  <datafield tag="024" ind1=" " ind2=" ">
    <subfield code="c">99.00</subfield>
    <subfield code="a">TSDVD-1885A</subfield>
  </datafield>
  <datafield tag="035" ind1=" " ind2=" ">
    <subfield code="a">DVD-005890-5897</subfield>
  </datafield>
  <datafield tag="040" ind1=" " ind2=" ">
    <subfield code="a">DPL</subfield>
    <subfield code="c">DPL</subfield>
  </datafield>
  <datafield tag="082" ind1=" " ind2=" ">
    <subfield code="a">DVD HONE</subfield>
  </datafield>
  <datafield tag="245" ind1=" " ind2=" ">
    <subfield code="a">Honeymoon Travaels Pvt. Ltd.</subfield>
    <subfield code="c">Ritesh Sdihwani &amp; Farhan Akhtar Presents</subfield>
    <subfield code="h">[videorecording] DVD/</subfield>
  </datafield>
  <datafield tag="260" ind1=" " ind2=" ">
    <subfield code="b">Super Cassette Industries</subfield>
  </datafield>
  <datafield tag="300" ind1=" " ind2=" ">
    <subfield code="a">1 videodisc DVD;</subfield>
    <subfield code="b">sd., col. ;</subfield>
    <subfield code="c">4 3/4 in.</subfield>
    <subfield code="f">DVD</subfield>
  </datafield>
  <datafield tag="440" ind1=" " ind2=" ">
    <subfield code="a">T Series Home Entertainment</subfield>
  </datafield>
  <datafield tag="500" ind1=" " ind2=" ">
    <subfield code="a">From the Makers of DON</subfield>
  </datafield>
  <datafield tag="538" ind1=" " ind2=" ">
    <subfield code="a">Dolby Digital 5.1 - Hindi Subtitles: English</subfield>
  </datafield>
  <datafield tag="650" ind1=" " ind2=" ">
    <subfield code="a">Motion Picture</subfield>
  </datafield>
  <datafield tag="700" ind1=" " ind2=" ">
    <subfield code="a">Kagti, Reema</subfield>
  </datafield>
  <datafield tag="700" ind1=" " ind2=" ">
    <subfield code="a">Gupta, Deepti</subfield>
  </datafield>
  <datafield tag="700" ind1=" " ind2=" ">
    <subfield code="a">Vishal</subfield>
  </datafield>
  <datafield tag="700" ind1=" " ind2=" ">
    <subfield code="a">Shekhar</subfield>
  </datafield>
  <datafield tag="700" ind1=" " ind2=" ">
    <subfield code="a">Akhtar, Javaed</subfield>
  </datafield>
  <datafield tag="700" ind1=" " ind2=" ">
    <subfield code="a">Azmi, Shabana</subfield>
  </datafield>
  <datafield tag="700" ind1=" " ind2=" ">
    <subfield code="a">Irani, Bhoman</subfield>
  </datafield>
  <datafield tag="700" ind1=" " ind2=" ">
    <subfield code="a">Patel Amisha</subfield>
  </datafield>
  <datafield tag="700" ind1=" " ind2=" ">
    <subfield code="a">Khanna, Karan</subfield>
  </datafield>
  <datafield tag="942" ind1=" " ind2=" ">
    <subfield code="c">CF</subfield>
    <subfield code="2">ddc</subfield>
    <subfield code="h">DVD</subfield>
    <subfield code="m">HONE</subfield>
  </datafield>
  <datafield tag="999" ind1=" " ind2=" ">
    <subfield code="c">34394</subfield>
    <subfield code="d">34394</subfield>
  </datafield>
  <datafield tag="952" ind1=" " ind2=" ">
    <subfield code="0">0</subfield>
    <subfield code="1">0</subfield>
    <subfield code="2">ddc</subfield>
    <subfield code="4">0</subfield>
    <subfield code="7">0</subfield>
    <subfield code="a">L</subfield>
    <subfield code="b">L</subfield>
    <subfield code="d">2010-03-04</subfield>
    <subfield code="e">Pioneers/1003/28-11-09/325/13-10-09 /30-11-09 </subfield>
    <subfield code="g">99.00</subfield>
    <subfield code="l">11</subfield>
    <subfield code="o">DVD HONE</subfield>
    <subfield code="p">DVD-005890</subfield>
    <subfield code="r">2014-07-31 00:00:00</subfield>
    <subfield code="s">2014-07-24</subfield>
    <subfield code="t">1</subfield>
    <subfield code="v">99.00</subfield>
    <subfield code="w">2010-03-04</subfield>
    <subfield code="y">CF</subfield>
  </datafield>
  <datafield tag="952" ind1=" " ind2=" ">
    <subfield code="0">0</subfield>
    <subfield code="1">0</subfield>
    <subfield code="2">ddc</subfield>
    <subfield code="4">0</subfield>
    <subfield code="7">0</subfield>
    <subfield code="a">BL1</subfield>
    <subfield code="b">BL1</subfield>
    <subfield code="d">2010-03-04</subfield>
    <subfield code="e">Pioneers/1003/28-11-09/325/13-10-09 /30-11-09 </subfield>
    <subfield code="g">99.00</subfield>
    <subfield code="l">7</subfield>
    <subfield code="o">DVD HONE</subfield>
    <subfield code="p">DVD-005891</subfield>
    <subfield code="r">2015-08-03 00:00:00</subfield>
    <subfield code="s">2015-07-27</subfield>
    <subfield code="t">1</subfield>
    <subfield code="v">99.00</subfield>
    <subfield code="w">2010-03-04</subfield>
    <subfield code="y">CF</subfield>
  </datafield>
  <datafield tag="952" ind1=" " ind2=" ">
    <subfield code="0">0</subfield>
    <subfield code="1">0</subfield>
    <subfield code="2">ddc</subfield>
    <subfield code="4">0</subfield>
    <subfield code="7">0</subfield>
    <subfield code="a">ZLS</subfield>
    <subfield code="b">ZLS</subfield>
    <subfield code="d">2010-03-04</subfield>
    <subfield code="e">Pioneers/1003/28-11-09/325/13-10-09 /30-11-09 </subfield>
    <subfield code="g">99.00</subfield>
    <subfield code="l">16</subfield>
    <subfield code="o">DVD HONE</subfield>
    <subfield code="p">DVD-005892</subfield>
    <subfield code="r">2012-10-26 00:00:00</subfield>
    <subfield code="s">2012-10-17</subfield>
    <subfield code="t">1</subfield>
    <subfield code="v">99.00</subfield>
    <subfield code="w">2010-03-04</subfield>
    <subfield code="y">CF</subfield>
  </datafield>
  <datafield tag="952" ind1=" " ind2=" ">
    <subfield code="0">0</subfield>
    <subfield code="1">0</subfield>
    <subfield code="2">ddc</subfield>
    <subfield code="4">0</subfield>
    <subfield code="7">0</subfield>
    <subfield code="a">RKP</subfield>
    <subfield code="b">RKP</subfield>
    <subfield code="d">2010-03-04</subfield>
    <subfield code="e">Pioneers/1003/28-11-09/325/13-10-09 /30-11-09 </subfield>
    <subfield code="g">99.00</subfield>
    <subfield code="l">2</subfield>
    <subfield code="o">DVD HONE</subfield>
    <subfield code="p">DVD-005893</subfield>
    <subfield code="r">2011-01-12 00:00:00</subfield>
    <subfield code="s">2011-01-11</subfield>
    <subfield code="t">1</subfield>
    <subfield code="v">99.00</subfield>
    <subfield code="w">2010-03-04</subfield>
    <subfield code="y">CF</subfield>
  </datafield>
  <datafield tag="952" ind1=" " ind2=" ">
    <subfield code="0">0</subfield>
    <subfield code="1">0</subfield>
    <subfield code="2">ddc</subfield>
    <subfield code="4">0</subfield>
    <subfield code="7">0</subfield>
    <subfield code="a">VP</subfield>
    <subfield code="b">VP</subfield>
    <subfield code="d">2010-03-04</subfield>
    <subfield code="e">Pioneers/1003/28-11-09/325/13-10-09 /30-11-09 </subfield>
    <subfield code="g">99.00</subfield>
    <subfield code="l">8</subfield>
    <subfield code="o">DVD HONE</subfield>
    <subfield code="p">DVD-005894</subfield>
    <subfield code="r">2012-09-01 00:00:00</subfield>
    <subfield code="s">2012-08-18</subfield>
    <subfield code="t">1</subfield>
    <subfield code="v">99.00</subfield>
    <subfield code="w">2010-03-04</subfield>
    <subfield code="y">CF</subfield>
  </datafield>
  <datafield tag="952" ind1=" " ind2=" ">
    <subfield code="0">0</subfield>
    <subfield code="1">0</subfield>
    <subfield code="2">ddc</subfield>
    <subfield code="4">0</subfield>
    <subfield code="7">0</subfield>
    <subfield code="a">BL3</subfield>
    <subfield code="b">BL3</subfield>
    <subfield code="d">2010-03-04</subfield>
    <subfield code="e">Pioneers/1003/28-11-09/325/13-10-09 /30-11-09 </subfield>
    <subfield code="g">99.00</subfield>
    <subfield code="l">13</subfield>
    <subfield code="o">DVD HONE</subfield>
    <subfield code="p">DVD-005895</subfield>
    <subfield code="r">2013-10-23 00:00:00</subfield>
    <subfield code="s">2013-10-18</subfield>
    <subfield code="t">1</subfield>
    <subfield code="v">99.00</subfield>
    <subfield code="w">2010-03-04</subfield>
    <subfield code="y">CF</subfield>
  </datafield>
  <datafield tag="952" ind1=" " ind2=" ">
    <subfield code="0">0</subfield>
    <subfield code="1">0</subfield>
    <subfield code="2">ddc</subfield>
    <subfield code="4">0</subfield>
    <subfield code="7">0</subfield>
    <subfield code="a">NR</subfield>
    <subfield code="b">NR</subfield>
    <subfield code="d">2010-03-04</subfield>
    <subfield code="e">Pioneers/1003/28-11-09/325/13-10-09 /30-11-09 </subfield>
    <subfield code="g">99.00</subfield>
    <subfield code="l">5</subfield>
    <subfield code="o">DVD HONE</subfield>
    <subfield code="p">DVD-005896</subfield>
    <subfield code="r">2012-04-27 00:00:00</subfield>
    <subfield code="s">2012-04-07</subfield>
    <subfield code="t">1</subfield>
    <subfield code="v">99.00</subfield>
    <subfield code="w">2010-03-04</subfield>
    <subfield code="y">CF</subfield>
  </datafield>
  <datafield tag="952" ind1=" " ind2=" ">
    <subfield code="0">0</subfield>
    <subfield code="1">0</subfield>
    <subfield code="2">ddc</subfield>
    <subfield code="4">0</subfield>
    <subfield code="7">0</subfield>
    <subfield code="a">BL4</subfield>
    <subfield code="b">BL4</subfield>
    <subfield code="d">2010-03-04</subfield>
    <subfield code="e">Pioneers/1003/28-11-09/325/13-10-09 /30-11-09 </subfield>
    <subfield code="g">99.00</subfield>
    <subfield code="l">0</subfield>
    <subfield code="o">DVD HONE</subfield>
    <subfield code="p">DVD-005897</subfield>
    <subfield code="r">2010-03-04 00:00:00</subfield>
    <subfield code="t">1</subfield>
    <subfield code="v">99.00</subfield>
    <subfield code="w">2010-03-04</subfield>
    <subfield code="y">CF</subfield>
  </datafield>
</record>
